-
AKILA, DR..R.M AND UTTEKAR, DR, PRAVIN
Entry Personal Name
Number of records used in: 1
001 - CONTROL NUMBER
003 - CONTROL NUMBER IDENTIFIER
005 - DATE AND TIME OF LATEST TRANSACTION
- control field:
20240918124754.0
008 - FIXED-LENGTH DATA ELEMENTS
- fixed length control field:
240918|| aca||aabn | a|a d
040 ## - CATALOGING SOURCE
- Original cataloging agency:
JRU
- Transcribing agency:
JRU
100 ## - HEADING--PERSONAL NAME
- Personal name:
AKILA, DR..R.M AND UTTEKAR, DR, PRAVIN
670 ## - SOURCE DATA FOUND
- Source citation:
Work cat.: (JRU)8653: AKILA, DR..R.M AND UTTEKAR, DR, PRAVIN , COMPUTER APPLICATIONS IN PHARMACY